Every City in Cook County on a Map - Statistics

General Stats
  • This quiz has been taken 11 times
  • The average score is 55 of 137
Answers on the Map
Answers color-coded by a green-red scale on the quiz's map according to % correct below.
 
Answer Stats
Answer % Correct
Chicago
100%
Cicero
89%
Elgin
89%
Evanston
89%
Arlington Heights
78%
Schaumburg
78%
Barrington
67%
Berwyn
67%
Brookfield
67%
Chicago Heights
67%
Des Plaines
67%
Hoffman Estates
67%
La Grange
67%
La Grange Park
67%
Morton Grove
67%
Niles
67%
Norridge
67%
Oak Park
67%
Palatine
67%
Skokie
67%
South Barrington
67%
Westchester
67%
Wilmette
67%
Winnetka
67%
Alsip
56%
Calumet City
56%
Glenview
56%
Harvey
56%
Hillside
56%
Kenilworth
56%
Maywood
56%
Mount Prospect
56%
Northbrook
56%
Oak Lawn
56%
Orland Park
56%
Park Ridge
56%
River Forest
56%
Tinley Park
56%
Barrington Hills
44%
Bartlett
44%
Bellwood
44%
Berkeley
44%
Bridgeview
44%
Buffalo Grove
44%
Burbank
44%
Burr Ridge
44%
Deerfield
44%
Dolton
44%
Elk Grove Village
44%
Elmhurst
44%
Elmwood Park
44%
Franklin Park
44%
Glencoe
44%
Harwood Heights
44%
Hinsdale
44%
Homewood
44%
Inverness
44%
Lincolnwood
44%
Lyons
44%
Matteson
44%
North Riverside
44%
Orland Hills
44%
Palos Hills
44%
Palos Park
44%
River Grove
44%
Riverside
44%
Rosemont
44%
Western Springs
44%
Wheeling
44%
Worth
44%
Bedford Park
33%
Blue Island
33%
Broadview
33%
Chicago Ridge
33%
Evergreen Park
33%
Flossmoor
33%
Forest Park
33%
Forest View
33%
Golf
33%
Hanover Park
33%
Indian Head Park
33%
Justice
33%
Lansing
33%
Lemont
33%
McCook
33%
Melrose Park
33%
Midlothian
33%
Northlake
33%
Oak Brook
33%
Oak Forest
33%
Olympia Fields
33%
Palos Heights
33%
Prospect Heights
33%
Rolling Meadows
33%
Schiller Park
33%
Stickney
33%
Stone Park
33%
Streamwood
33%
University Park
33%
Willow Springs
33%
Bensenville
22%
Country Club Hills
22%
Countryside
22%
Crestwood
22%
Crete
22%
Ford Heights
22%
Frankfort
22%
Glenwood
22%
Hickory Hills
22%
Hodgkins
22%
Markham
22%
Northfield
22%
Park Forest
22%
Riverdale
22%
Roselle
22%
Sauk Village
22%
South Holland
22%
Summit
22%
Thornton
22%
Burnham
11%
Calumet Park
11%
Deer Park
11%
Dixmoor
11%
East Dundee
11%
East Hazel Crest
11%
Hazel Crest
11%
Homer Glen
11%
Hometown
11%
Lynwood
11%
Merrionette Park
11%
Phoenix
11%
Posen
11%
Richton Park
11%
Robbins
11%
South Chicago Heights
11%
Steger
11%
Woodridge
0%
No matching quizzes found
Score Distribution
Percent of People with Each Score
Percentile by Number Answered
Your Score History
You have not taken this quiz